Law of financial institutions in Kenya / (Record no. 1911)

000 -LEADER
fixed length control field 00832cam a2200277 i 4500
001 - CONTROL NUMBER
control field 17877325
003 - CONTROL NUMBER IDENTIFIER
control field OSt
005 - DATE AND TIME OF LATEST TRANSACTION
control field 20150727090758.0
008 - FIXED-LENGTH DATA ELEMENTS--GENERAL INFORMATION
fixed length control field 130906s2013 ke 000 0 eng
010 ## - LIBRARY OF CONGRESS CONTROL NUMBER
LC control number 2013441121
020 ## - INTERNATIONAL STANDARD BOOK NUMBER
International Standard Book Number 6164000597305
040 ## - CATALOGING SOURCE
Original cataloging agency DLC
Language of cataloging eng
Transcribing agency DLC
Description conventions rda
042 ## - AUTHENTICATION CODE
Authentication code lcode
-- pcc
043 ## - GEOGRAPHIC AREA CODE
Geographic area code f-ke---
050 00 - LIBRARY OF CONGRESS CALL NUMBER
Classification number KSK885.G53 2013
100 1# - MAIN ENTRY--PERSONAL NAME
Personal name Gichuki, Njaramba.
245 10 - TITLE STATEMENT
Title Law of financial institutions in Kenya /
Statement of responsibility, etc Njaramba Gichuki.
250 ## - EDITION STATEMENT
Edition statement Second edition.
260 ## - PUBLICATION, DISTRIBUTION, ETC. (IMPRINT)
Place of publication, distribution, etc Nairobi
Name of publisher, distributor, etc Law Africa
Date of publication, distribution, etc 2013
300 ## - PHYSICAL DESCRIPTION
Extent xxvii, 297 pages ;
Dimensions 21 cm
650 #0 - SUBJECT ADDED ENTRY--TOPICAL TERM
Topical term or geographic name as entry element Banking law
Geographic subdivision Kenya.
650 #0 - SUBJECT ADDED ENTRY--TOPICAL TERM
Topical term or geographic name as entry element Financial institutions
General subdivision Law and legislation
Geographic subdivision Kenya.
906 ## - LOCAL DATA ELEMENT F, LDF (RLIN)
a 7
b cbc
c origcop
d 2
e ncip
f 20
g y-gencatlg
942 ## - ADDED ENTRY ELEMENTS (KOHA)
Source of classification or shelving scheme
Koha item type Book
Holdings
Withdrawn status Lost status Source of classification or shelving scheme Damaged status Not for loan Home library Current library Date acquired Total Checkouts Total Renewals Full call number Barcode Date last seen Date checked out Copy number Price effective from Koha item type Shelving location
          Riara University Library Riara University Library 27/07/2015 36 3 KSK885.G53 2013 6511/15 11/02/2021 10/09/2018 C.1 27/07/2015 Book  
          Riara University Library Riara University Library 25/10/2018 1   KSK885.G53 2013 10101/18 03/04/2019 21/03/2019 C.2 25/10/2018 Book General stack
          Riara University Library Riara University Library 25/10/2018 6 1 KSK885.G53 2013 10102/18 09/02/2026 21/01/2026 C.3 25/10/2018 Book General stack
          Riara University Library Riara University Library 25/10/2018 5 1 KSK885.G53 2013 10103/18 14/12/2021 03/12/2021 C.4 25/10/2018 Book General stack

Riara University Library,
P.O. Box 49940-00100,
Nairobi, Kenya.